Northernmost Countries Of Each Continent - Statistics

General Stats
  • This quiz has been taken 133 times
  • The average score is 6 of 6
Answer Stats
Continent Answer % Correct
North America Canada
100%
Asia Russia
98%
Europe Norway
95%
Africa Tunisia
95%
South America Colombia
94%
Oceania Marshall Islands
77%
No matching quizzes found
Score Distribution
Percent of People with Each Score
Percentile by Number Answered
Your Score History
You have not taken this quiz